| 000 | 01041pam a2200277 a 4500 | ||
|---|---|---|---|
| 001 | 1180395 | ||
| 003 | OSt | ||
| 005 | 20180117085955.0 | ||
| 008 | 970522s1998 caua b 001 0 eng | ||
| 010 | _a 97017615 | ||
| 020 | _a0534349714 (acidfree, recycled paper) | ||
| 040 |
_aDLC _cDLC _dDLC |
||
| 050 | 0 | 0 |
_aHF5548.8 _b.J48 1998 |
| 082 | 0 | 0 |
_a158.7 _221 |
| 100 | 1 | _aJewell, Linda N. | |
| 245 | 1 | 0 |
_aContemporary industrial/organizational psychology / _cL.N. Jewell. |
| 250 | _a3rd ed. | ||
| 260 |
_aPacific Grove, Calif. : _bBrooks/Cole Pub. Co., _cc1998. |
||
| 300 |
_axxii, 600 p. : _bill. ; _c25 cm. |
||
| 504 | _aIncludes bibliographical references and indexes. | ||
| 650 | 0 | _aPsychology, Industrial. | |
| 906 |
_a7 _bcbc _corignew _d1 _eocip _f19 _gy-gencatlg |
||
| 942 |
_2ddc _cBK |
||
| 999 |
_c3043 _d3043 |
||